University Home | Library Home | Institutional Repository

Dream of the Red Chamber/ (Record no. 216328)

MARC details
000 -LEADER
fixed length control field 00683nam a22002177a 4500
005 - DATE AND TIME OF LATEST TRANSACTION
control field 20260224103837.0
008 - FIXED-LENGTH DATA ELEMENTS--GENERAL INFORMATION
fixed length control field 260224b ||||| |||| 00| 0 eng d
020 ## - INTERNATIONAL STANDARD BOOK NUMBER
International Standard Book Number 9787107343636
040 ## - CATALOGING SOURCE
Original cataloging agency LC
Transcribing agency UNZA
Modifying agency RDA
050 ## - LIBRARY OF CONGRESS CALL NUMBER
Classification number PL 2727.H6 CAO
Item number 2020
100 ## - MAIN ENTRY--PERSONAL NAME
Personal name Cao, Xueqin
Dates associated with a name 1717-1763
245 ## - TITLE STATEMENT
Title Dream of the Red Chamber/
Statement of responsibility, etc. Cao Xueqin; Compiler/Editors Cheng Weiyuan
260 ## - PUBLICATION, DISTRIBUTION, ETC.
Place of publication, distribution, etc. Beijing:
Name of publisher, distributor, etc. Peoples Education Press,
Date of publication, distribution, etc. 2020
336 ## - CONTENT TYPE
CONTENT TYPE Text
337 ## - MEDIA TYPE
MEDIA TYPE Unmediated
338 ## - CARRIER TYPE
CARRIER TYPE Volume
440 ## - SERIES STATEMENT/ADDED ENTRY--TITLE
Title Happy Reading Bar: Masterpiece reading curriculum series
Volume/sequential designation Grade 5
650 ## - SUBJECT ADDED ENTRY--TOPICAL TERM
Topical term or geographic name entry element China
Form subdivision History
General subdivision Qing dynasty
650 ## - SUBJECT ADDED ENTRY--TOPICAL TERM
Topical term or geographic name entry element 1644-1912
Form subdivision Fiction, families
999 ## -
-- 216328
-- 216328
942 ## - ADDED ENTRY ELEMENTS (KOHA)
Koha item type Book
Holdings
Withdrawn status Lost status Source of classification or shelving scheme Damaged status Not for loan Collection code Home library Current library Shelving location Date acquired Total Checkouts Full call number Barcode Date last seen Copy number Price effective from Koha item type
    Library of Congress Classification     Fiction Confucius Library Confucius Library On Shelf 02/24/2026   PL 2727.H6 CAO 2020 33729001525513 02/24/2026 C.1 02/24/2026 Book
    Library of Congress Classification     Fiction Confucius Library Confucius Library On Shelf 02/24/2026   PL 2727.H6 CAO 2020 33729001525455 02/24/2026 C.2 02/24/2026 Book
© 2026 - The University of Zambia Library - Koha v25.11